Public management: Text and cases (Record no. 27749)

MARC details
000 -LEADER
fixed length control field 00324nam a2200121Ia 4500
082 ## - DEWEY DECIMAL CLASSIFICATION NUMBER
Classification number 659.4
Item number BOW
100 ## - MAIN ENTRY--AUTHOR NAME
Personal name Bower, Joseph L
245 #0 - TITLE STATEMENT
Title Public management: Text and cases
260 ## - PUBLICATION, DISTRIBUTION, ETC. (IMPRINT)
Place of publication Illinois
Name of publisher Richard D Irwin
Year of publication 1978
700 ## - ADDED ENTRY--PERSONAL NAME
Personal name Christenson, Charles J
942 ## - ADDED ENTRY ELEMENTS (KOHA)
Koha item type Books
Holdings
Withdrawn status Lost status Damaged status Not for loan Home library Current library Date acquired Cost, normal purchase price Full call number Accession Number Koha item type
        RRII Library RRII Library 16/12/2021 18.95 659.4 BOW 08365 Books